| 000 | 006360000a22001090004500 | ||
|---|---|---|---|
| 100 | 1 | _aValencia Rincón, Juan Carlos | |
| 245 | 1 | 0 | _aCañonazos en internet |
| 300 | _aVol.0, núm.21 (Junio, 2007), Páginas 36-37 | ||
| 520 | _aNadie puede decir en Colombia que no ha bailado el Ron de Vinola, de Buitraguito, o ha tenido en sus manos alguna grabación de Discos Fuentes. Pero muchos desconocen que se trata de una de las disqueras más antiguas de América Latina y que, en medio del peligro de extinguirse ha decidido competir con sus viejos nuevos éxitos en la red. | ||
| 773 | 0 | _tArcadia / Andrés Felipe Solano, Editor | |
| 942 | _cANA | ||
| 999 |
_c62215 _d62215 |
||